高速かけ算 (144マス) - Statistics

General Stats
  • This quiz has been taken 2,805 times
  • The average score is 89 of 144
Answer Stats
Answer % Correct
1
100%
2
99%
3
99%
4
99%
5
99%
6
98%
7
98%
8
98%
9
98%
10
97%
11
97%
12
97%
2
96%
4
96%
6
96%
10
95%
12
95%
8
95%
14
94%
16
94%
18
94%
20
94%
22
94%
24
93%
12
92%
15
92%
18
92%
21
92%
3
92%
6
92%
9
92%
24
91%
27
91%
30
91%
33
90%
36
90%
4
90%
12
89%
16
89%
8
89%
20
88%
24
88%
28
88%
32
87%
36
87%
40
87%
10
86%
44
86%
48
86%
5
86%
15
85%
20
85%
25
85%
30
85%
35
85%
40
85%
45
84%
50
84%
55
84%
60
84%
6
83%
12
82%
18
82%
24
81%
30
80%
36
79%
42
78%
48
78%
54
77%
60
76%
66
76%
72
75%
7
74%
14
72%
21
71%
28
70%
35
70%
42
68%
49
68%
56
66%
63
65%
70
64%
77
62%
84
60%
8
59%
16
58%
24
56%
32
55%
40
54%
48
53%
56
51%
64
49%
72
48%
80
46%
88
45%
96
45%
9
44%
18
42%
27
40%
36
39%
45
37%
54
36%
63
35%
72
34%
81
32%
90
32%
99
31%
10
29%
108
29%
20
28%
30
27%
40
27%
50
26%
60
26%
70
25%
80
25%
90
24%
100
23%
110
22%
120
21%
11
20%
22
19%
33
18%
44
18%
55
18%
66
17%
77
17%
88
17%
99
16%
110
15%
121
14%
12
12%
132
12%
24
11%
36
10%
48
10%
60
9%
72
8%
84
7%
96
6%
108
5%
120
4%
132
4%
144
4%
No matching quizzes found
Score Distribution
Percent of People with Each Score
Percentile by Number Answered
Your Score History
You have not taken this quiz